[Event "33. Open Barbera del Valles 2010"]
[Site "Barbera del Valles ESP"]
[Date "2010.07.05"]
[Round "2.1"]
[White "Perez Mitjans, Orelvis"]
[Black "Fedorchuk, Sergey A"]
[Result "1/2-1/2"]
[WhiteElo "2424"]
[BlackElo "2665"]
[PlyCount "107"]
[EventDate "2010.07.04"]
[EventType "swiss"]
[EventRounds "9"]
[EventCountry "ESP"]
[Source "lmi"]
[SourceDate "2010.07.04"]

1. e4 c5 2. Nc3 a6 3. g3 b5 4. Bg2 Bb7 5. d3 e6 6. f4 d5 7. e5 Qc7 8. Nf3 Ne7
9. O-O h5 10. d4 Nf5 11. Ne2 Nc6 12. c3 Qb6 13. Bh3 g6 14. Bxf5 gxf5 15. Be3 a5
16. dxc5 Bxc5 17. Bxc5 Qxc5+ 18. Ned4 b4 19. Rc1 Qb6 20. Rf2 Ke7 21. Nxc6+ Bxc6
22. Qd4 Rhb8 23. Rfc2 Bd7 24. c4 dxc4 25. Rxc4 Ra7 26. Kf2 a4 27. Ke3 Ra5 28.
Rc5 Ra7 29. Nd2 Bb5 30. Rc7+ Rxc7 31. Qxb6 Rxb6 32. Rxc7+ Kf8 33. Nf3 Rb8 34.
Ng5 Be8 35. Nh7+ Kg7 36. Nf6 Kg6 37. Nxe8 Rxe8 38. Rb7 a3 39. bxa3 bxa3 40. Ra7
h4 41. Rxa3 Rc8 42. Kd2 Kh5 43. Rc3 Ra8 44. a3 Kg4 45. Kc2 Ra7 46. Kb2 Ra8 47.
Rc4 hxg3 48. hxg3 Kxg3 49. a4 Kf3 50. Kb3 Ke3 51. Kb4 Kd3 52. Rc7 Ke4 53. Rc4+
Kd3 54. Rc3+ 1/2-1/2

[Event "33. Open Barbera del Valles 2010"]
[Site "Barbera del Valles ESP"]
[Date "2010.07.05"]
[Round "2.2"]
[White "Matnadze, Ana"]
[Black "Iturrizaga, Eduardo"]
[Result "1/2-1/2"]
[WhiteElo "2422"]
[BlackElo "2614"]
[PlyCount "237"]
[EventDate "2010.07.04"]
[EventType "swiss"]
[EventRounds "9"]
[EventCountry "ESP"]
[Source "lmi"]
[SourceDate "2010.07.04"]

1. d4 Nf6 2. g3 e6 3. c4 d5 4. Nf3 dxc4 5. Qa4+ c6 6. Qxc4 b5 7. Qc2 Bb7 8. Bg2
Nbd7 9. a4 a6 10. O-O Rc8 11. Ne5 Nxe5 12. dxe5 Nd5 13. Nc3 Be7 14. Rd1 O-O 15.
Nxd5 cxd5 16. Qd3 b4 17. Be3 Qc7 18. Bd4 a5 19. Qb5 Bc6 20. Qa6 b3 21. Rdc1 Bb4
22. e4 dxe4 23. Bxe4 Bxe4 24. Rxc7 Rxc7 25. g4 Rc2 26. h4 h6 27. Kh2 Rfc8 28.
Kg3 R8c6 29. Qa8+ Kh7 30. Qa7 Rc7 31. Qb6 Rb7 32. Qa6 Rd7 33. Rd1 Bc5 34. Kf4
Bg6 35. h5 Rxd4+ 36. Rxd4 Bxd4 37. hxg6+ fxg6 38. Qd3 Rxf2+ 39. Kg3 Bc5 40. Qc3
Rc2 41. Qxb3 Re2 42. Qxe6 Rxb2 43. Qc4 Bb4 44. e6 Rb1 45. Kf2 Ra1 46. Qb5 Ra2+
47. Kf3 Ra3+ 48. Kf2 Ra2+ 49. Ke3 Ra1 50. Kf2 Rd1 51. Qe5 Re1 52. Qd5 Kg8 53.
Qd8+ Kh7 54. Qd5 Rc1 55. Qd7 Bc5+ 56. Ke2 Bb4 57. Kf2 Rc2+ 58. Kf3 Rc3+ 59. Ke2
Rc5 60. Kf3 Re5 61. Kf4 Re1 62. Qd5 Bc3 63. Kf3 Rf1+ 64. Kg2 Re1 65. Kf3 Bb4
66. Kf2 Rc1 67. Qd7 Rc2+ 68. Kf1 Rc4 69. e7 Rf4+ 70. Kg2 Bxe7 71. Qxe7 Rxg4+
72. Kf3 Rxa4 73. Qc5 Ra2 74. Qc4 Ra3+ 75. Kg2 a4 76. Kh2 h5 77. Qd5 Re3 78. Qd2
Re4 79. Qa5 Rh4+ 80. Kg3 Rd4 81. Kh2 Rc4 82. Kg2 Rf4 83. Kh2 Rf2+ 84. Kg3 Ra2
85. Qd5 Ra3+ 86. Kh2 Rb3 87. Kg2 Rb2+ 88. Kg3 a3 89. Qa5 a2 90. Qa8 Rc2 91. Kh3
Re2 92. Kh4 Rb2 93. Kh3 g5 94. Qa6 Rd2 95. Kg3 Rb2 96. Kh3 Rc2 97. Kg3 g6 98.
Qa8 Rc3+ 99. Kg2 Rc2+ 100. Kg3 Kg7 101. Kh3 Rc3+ 102. Kg2 Rc2+ 103. Kh3 Kf6
104. Qf3+ Kg7 105. Qa8 g4+ 106. Kh4 Kf6 107. Qa5 Ke6 108. Kg3 Kd6 109. Kf4 Rf2+
110. Kg3 Rc2 111. Kf4 g5+ 112. Kg3 h4+ 113. Kxg4 Kc6 114. Qa4+ Kd5 115. Qxc2
a1=Q 116. Qb3+ Ke4 117. Qf3+ Ke5 118. Qe3+ Kd6 119. Qxg5 1/2-1/2

[Event "33. Open Barbera del Valles 2010"]
[Site "Barbera del Valles ESP"]
[Date "2010.07.05"]
[Round "2.3"]
[White "Almeida Quintana, Omar"]
[Black "Grafl, Florian"]
[Result "1-0"]
[WhiteElo "2559"]
[BlackElo "2416"]
[PlyCount "85"]
[EventDate "2010.07.04"]
[EventType "swiss"]
[EventRounds "9"]
[EventCountry "ESP"]
[Source "lmi"]
[SourceDate "2010.07.04"]

1. d4 f5 2. c4 Nf6 3. g3 e6 4. Bg2 Be7 5. Nf3 O-O 6. O-O d6 7. Nc3 a5 8. b3 Ne4
9. Bb2 Nxc3 10. Bxc3 Qe8 11. Qe1 a4 12. b4 Qh5 13. e4 f4 14. h3 g5 15. b5 Qg6
16. e5 d5 17. Bb4 Qg7 18. Rc1 c6 19. Bd6 h5 20. g4 hxg4 21. hxg4 Re8 22. Qb4
Bd8 23. Bxb8 Rxb8 24. bxc6 Ra8 25. Qb5 Rf8 26. Rb1 b6 27. cxd5 Ra5 28. Qxa5
bxa5 29. d6 Qa7 30. Rfc1 Bb6 31. Rc4 Ba6 32. Bf1 Bxc4 33. Bxc4 Bxd4 34. Bxe6+
Kh8 35. c7 Bxf2+ 36. Kg2 Bg3 37. Rb2 Qc5 38. Bf5 Be1 39. Re2 Bb4 40. Rc2 Bc3
41. e6 Rg8 42. d7 Qxc7 43. e7 1-0

[Event "33. Open Barbera del Valles 2010"]
[Site "Barbera del Valles ESP"]
[Date "2010.07.05"]
[Round "2.4"]
[White "Lorenzo De La Riva, Lazaro"]
[Black "Bhat, Vinay S"]
[Result "1/2-1/2"]
[WhiteElo "2407"]
[BlackElo "2536"]
[PlyCount "56"]
[EventDate "2010.07.04"]
[EventType "swiss"]
[EventRounds "9"]
[EventCountry "ESP"]
[Source "lmi"]
[SourceDate "2010.07.04"]

1. e4 e5 2. f4 Bc5 3. Nf3 d6 4. Bc4 Nf6 5. d3 Nc6 6. Nc3 Bg4 7. Bb5 exf4 8. h3
Bxf3 9. Qxf3 O-O 10. Bxc6 bxc6 11. Bxf4 Qb8 12. O-O-O Bd4 13. Be3 Bxc3 14. bxc3
Qb5 15. Rhf1 Qa5 16. Kd2 Nd7 17. Qg3 f6 18. Qg4 Ne5 19. Qe6+ Kh8 20. g4 Rfe8
21. Qf5 d5 22. g5 fxg5 23. Bd4 dxe4 24. Rde1 Qd5 25. Rxe4 Nc4+ 26. dxc4 Qxe4
27. Bxg7+ Kxg7 28. Qf6+ Kg8 1/2-1/2

[Event "33. Open Barbera del Valles 2010"]
[Site "Barbera del Valles ESP"]
[Date "2010.07.05"]
[Round "2.6"]
[White "Mihailovs, Jurijs"]
[Black "Oms Pallisse, Josep"]
[Result "0-1"]
[WhiteElo "2405"]
[BlackElo "2494"]
[PlyCount "68"]
[EventDate "2010.07.04"]
[EventType "swiss"]
[EventRounds "9"]
[EventCountry "ESP"]
[Source "lmi"]
[SourceDate "2010.07.04"]

1. d4 Nf6 2. c4 e6 3. Nf3 d5 4. Nc3 dxc4 5. e3 a6 6. Bxc4 b5 7. Bd3 Bb7 8. a3
c5 9. dxc5 Bxc5 10. b4 Be7 11. Bb2 Nbd7 12. O-O O-O 13. Be2 Qb8 14. h3 Rd8 15.
Qb3 Ne5 16. Nd4 Rc8 17. a4 Nc4 18. Rfd1 Nxb2 19. Qxb2 a5 20. axb5 axb4 21. Na2
Nd5 22. Bf3 Ra4 23. Rdc1 Rxc1+ 24. Rxc1 Qa8 25. Rc2 Bf6 26. Be4 g6 27. g3 Qa5
28. Bxd5 Bxd5 29. Nf5 exf5 30. Qxf6 Qa8 31. Nc1 b3 32. Rc5 Ra1 33. Qc3 Be6 34.
b6 Rb1 0-1

[Event "33. Open Barbera del Valles 2010"]
[Site "Barbera del Valles ESP"]
[Date "2010.07.05"]
[Round "2.7"]
[White "Gagarin, Vasilij"]
[Black "Abreu Delgado, Aryam"]
[Result "1/2-1/2"]
[WhiteElo "2403"]
[BlackElo "2474"]
[PlyCount "97"]
[EventDate "2010.07.04"]
[EventType "swiss"]
[EventRounds "9"]
[EventCountry "ESP"]
[Source "lmi"]
[SourceDate "2010.07.04"]

1. d4 Nf6 2. Nf3 g6 3. Nbd2 d5 4. e3 Bg7 5. b4 O-O 6. Bb2 b6 7. Be2 Bb7 8. O-O
Nbd7 9. c4 c6 10. a4 a5 11. b5 c5 12. Rc1 Rc8 13. Ba3 Re8 14. cxd5 Nxd5 15. Nc4
cxd4 16. Nxd4 Ne5 17. Nxe5 Bxe5 18. Nc6 Bxc6 19. Rxc6 Rxc6 20. bxc6 Nc3 21. Qc2
Nxe2+ 22. Qxe2 Qc7 23. f4 Bd6 24. Bxd6 exd6 25. Rc1 Re4 26. Rc4 Re6 27. Qd3 d5
28. Qxd5 Rxe3 29. Kf2 Re7 30. Kf3 Kg7 31. g4 Re6 32. h4 Kf8 33. g5 Re8 34. Qd4
Re6 35. Qd5 Re8 36. Rd4 Rc8 37. Rc4 Re8 38. Rd4 Rc8 39. Qd6+ Qxd6 40. Rxd6 Ke7
41. Rf6 Rd8 42. c7 Rc8 43. Rxb6 Rxc7 44. Rb5 Rc3+ 45. Kg2 Rc7 46. Kf3 Rc3+ 47.
Kg2 Rc7 48. Kf3 Rc3+ 49. Kg2 1/2-1/2

[Event "33. Open Barbera del Valles 2010"]
[Site "Barbera del Valles ESP"]
[Date "2010.07.05"]
[Round "2.8"]
[White "Fluvia Poyatos, Jordi"]
[Black "Mestre Bellido, Hector"]
[Result "1-0"]
[WhiteElo "2467"]
[BlackElo "2404"]
[PlyCount "61"]
[EventDate "2010.07.04"]
[EventType "swiss"]
[EventRounds "9"]
[EventCountry "ESP"]
[Source "lmi"]
[SourceDate "2010.07.04"]

1. d4 d5 2. c4 c6 3. Nc3 Nf6 4. e3 a6 5. Bd3 dxc4 6. Bxc4 e6 7. Nf3 c5 8. O-O
b5 9. Bb3 Bb7 10. e4 cxd4 11. Nxd4 Nc6 12. Be3 Nxd4 13. Bxd4 Nxe4 14. Nxe4 Bxe4
15. Re1 Bb7 16. Qg4 Bd5 17. Rad1 Bxb3 18. axb3 Qc8 19. Rc1 Qd7 20. Bxg7 Rg8 21.
Qe4 Rc8 22. Rxc8+ Qxc8 23. Be5 Rg6 24. h4 Be7 25. h5 Rg5 26. Qxh7 Qc6 27. Qh8+
Bf8 28. Bg3 Qc5 29. Re5 Qc1+ 30. Kh2 Qxb2 31. Rxe6+ 1-0

[Event "33. Open Barbera del Valles 2010"]
[Site "Barbera del Valles ESP"]
[Date "2010.07.05"]
[Round "2.9"]
[White "Rahal, Michael A"]
[Black "Gongora Reyes, Maikel"]
[Result "1/2-1/2"]
[WhiteElo "2344"]
[BlackElo "2451"]
[PlyCount "49"]
[EventDate "2010.07.04"]
[EventType "swiss"]
[EventRounds "9"]
[EventCountry "ESP"]
[Source "lmi"]
[SourceDate "2010.07.04"]

1. e4 e5 2. Nf3 Nc6 3. Bb5 Nf6 4. O-O Nxe4 5. d4 Nd6 6. dxe5 Nxb5 7. a4 d6 8.
e6 fxe6 9. axb5 Nb4 10. Ng5 Be7 11. Qh5+ g6 12. Qh6 Bf8 13. Qh3 Qf6 14. Ra4 Nd5
15. Re1 Qf5 16. Qxf5 gxf5 17. Nxe6 Bxe6 18. Rxe6+ Kd7 19. Re1 Bg7 20. c3 Nb6
21. Rh4 h5 22. Bg5 Rae8 23. Rxe8 Kxe8 24. Nd2 Kf7 25. Be3 1/2-1/2

[Event "33. Open Barbera del Valles 2010"]
[Site "Barbera del Valles ESP"]
[Date "2010.07.05"]
[Round "2.10"]
[White "Panelo, Marcelo"]
[Black "Fenollar Jorda, Manuel"]
[Result "1/2-1/2"]
[WhiteElo "2450"]
[BlackElo "2369"]
[PlyCount "112"]
[EventDate "2010.07.04"]
[EventType "swiss"]
[EventRounds "9"]
[EventCountry "ESP"]
[Source "lmi"]
[SourceDate "2010.07.04"]

1. d4 d5 2. c4 c6 3. Nf3 Nf6 4. Nc3 a6 5. Ne5 e6 6. cxd5 cxd5 7. Bf4 Nfd7 8. e3
Nxe5 9. Bxe5 Nc6 10. Bg3 Bd6 11. Bd3 Nb4 12. O-O Nxd3 13. Qxd3 Bxg3 14. hxg3
Bd7 15. f3 Qb6 16. Rab1 Bb5 17. Nxb5 Qxb5 18. Qxb5+ axb5 19. Rfc1 Kd7 20. Rc5
Rxa2 21. Rbc1 Rb8 22. Rc7+ Ke8 23. e4 Rd8 24. Rxb7 Rd7 25. Rb8+ Rd8 26. Rxb5
dxe4 27. Rc7 Rd7 28. Rxd7 Kxd7 29. fxe4 Kc6 30. Rb8 f5 31. d5+ exd5 32. exf5
Kd6 33. Rb7 Ke5 34. g4 g6 35. Re7+ Kf6 36. Re6+ Kf7 37. Rb6 gxf5 38. gxf5 h5
39. Kf2 Ra1 40. b4 Rb1 41. b5 d4 42. Rb8 Kg7 43. Ke2 Rb2+ 44. Kf3 d3 45. b6 Rb5
46. Kf4 d2 47. Rd8 Rxb6 48. Kg5 Rb2 49. Rd7+ Kg8 50. g3 Rb3 51. Rxd2 Rxg3+ 52.
Kf6 Ra3 53. Rd8+ Kh7 54. Ke7 Ra7+ 55. Ke6 Ra6+ 56. Ke5 Kg7 1/2-1/2

[Event "33. Open Barbera del Valles 2010"]
[Site "Barbera del Valles ESP"]
[Date "2010.07.05"]
[Round "2.11"]
[White "Nicolas Zapata, Irene"]
[Black "Aloma Vidal, Robert"]
[Result "0-1"]
[WhiteElo "1962"]
[BlackElo "2445"]
[PlyCount "62"]
[EventDate "2010.07.04"]
[EventType "swiss"]
[EventRounds "9"]
[EventCountry "ESP"]
[Source "lmi"]
[SourceDate "2010.07.04"]

1. d4 Nf6 2. c4 e6 3. g3 d5 4. Bg2 dxc4 5. Nf3 Bb4+ 6. Bd2 c5 7. O-O O-O 8.
Bxb4 cxb4 9. Qc2 Qc7 10. Nbd2 b5 11. a4 bxa3 12. bxa3 Bb7 13. a4 a6 14. Rfb1 c3
15. Rb3 Rc8 16. Nb1 b4 17. Rxb4 Be4 18. Qc1 Nbd7 19. Rb3 Nd5 20. Ng5 Bxg2 21.
Kxg2 h6 22. Nf3 Qc4 23. Qc2 a5 24. Na3 Qxa4 25. Qb1 Qc6 26. Nc2 a4 27. Rb5 Rab8
28. Rxb8 Rxb8 29. Qc1 Rb2 30. Rb1 Qb5 31. Na3 Qxe2 0-1

[Event "33. Open Barbera del Valles 2010"]
[Site "Barbera del Valles ESP"]
[Date "2010.07.05"]
[Round "2.12"]
[White "Huerga Leache, Mikel"]
[Black "Perpinya Rofes, Lluis Maria"]
[Result "0-1"]
[WhiteElo "2424"]
[BlackElo "2344"]
[PlyCount "108"]
[EventDate "2010.07.04"]
[EventType "swiss"]
[EventRounds "9"]
[EventCountry "ESP"]
[Source "lmi"]
[SourceDate "2010.07.04"]

1. e4 c5 2. Nf3 Nc6 3. d4 cxd4 4. Nxd4 g6 5. Nc3 Bg7 6. Be3 Nf6 7. Bc4 O-O 8.
Bb3 a5 9. O-O a4 10. Nxa4 Nxe4 11. c4 d6 12. Nb5 Bf5 13. Qe2 Nc5 14. Bxc5 dxc5
15. Nxc5 Nd4 16. Nxd4 Qxd4 17. Qe3 Qxe3 18. fxe3 Bxb2 19. Rad1 Ba3 20. Nd7 Rfd8
21. Ne5 Bc5 22. Kf2 f6 23. Nf3 Bd3 24. Rh1 e5 25. Ne1 Be4 26. Nf3 Bd3 27. Ne1
Bf5 28. Nf3 Be6 29. h3 Kf7 30. Ke2 Ke7 31. Rd2 Rxd2+ 32. Nxd2 f5 33. Rc1 Rd8
34. Rd1 e4 35. Nf1 Rxd1 36. Kxd1 Kf6 37. Ke2 Ke5 38. Nd2 g5 39. Ba4 h5 40. Bb5
h4 41. Nb3 Ba7 42. c5 Kd5 43. a4 Bxc5 44. Na5 Bc8 45. Bc4+ Ke5 46. Nb3 Ba7 47.
a5 Be6 48. Bxe6 Kxe6 49. Nd2 Kd5 50. Nf1 Bb8 51. Nd2 Be5 52. Kd1 Bc3 53. Nb3
Kc4 54. Kc2 f4 0-1

[Event "33. Open Barbera del Valles 2010"]
[Site "Barbera del Valles ESP"]
[Date "2010.07.05"]
[Round "2.13"]
[White "Bruzon Batista, Lazaro"]
[Black "Capellades Subirana, Marc"]
[Result "1-0"]
[WhiteElo "2653"]
[BlackElo "2268"]
[PlyCount "69"]
[EventDate "2010.07.04"]
[EventType "swiss"]
[EventRounds "9"]
[EventCountry "ESP"]
[Source "lmi"]
[SourceDate "2010.07.04"]

1. d4 Nf6 2. Nf3 b6 3. c4 e6 4. e3 Bb4+ 5. Nbd2 Ne4 6. a3 Bxd2+ 7. Nxd2 Nxd2 8.
Qxd2 Bb7 9. b3 O-O 10. Bb2 f5 11. d5 exd5 12. cxd5 d6 13. Be2 Nd7 14. O-O Nf6
15. Bf3 Qd7 16. Rac1 a5 17. Rc2 Rac8 18. Qd3 Qf7 19. Rd1 Qg6 20. Rdc1 Rf7 21.
Bxf6 Qxf6 22. h3 g6 23. e4 fxe4 24. Qxe4 Re7 25. Qd3 Qg7 26. Bg4 Rf8 27. Be6+
Kh8 28. Qc3 Rf6 29. b4 axb4 30. axb4 h6 31. b5 Kh7 32. Qxc7 Rxf2 33. Qxe7 Qxe7
34. Rxf2 Kh8 35. Rcf1 1-0

[Event "33. Open Barbera del Valles 2010"]
[Site "Barbera del Valles ESP"]
[Date "2010.07.05"]
[Round "2.14"]
[White "Cabrera, Alexis"]
[Black "Cruz Lledo, Pablo"]
[Result "1/2-1/2"]
[WhiteElo "2533"]
[BlackElo "2239"]
[PlyCount "45"]
[EventDate "2010.07.04"]
[EventType "swiss"]
[EventRounds "9"]
[EventCountry "ESP"]
[Source "lmi"]
[SourceDate "2010.07.04"]

1. d4 d5 2. c4 c6 3. Nf3 Nf6 4. cxd5 cxd5 5. Nc3 Nc6 6. Bf4 a6 7. e3 Bf5 8. Bd3
Bxd3 9. Qxd3 e6 10. O-O Bd6 11. Bxd6 Qxd6 12. Rfc1 O-O 13. a3 b5 14. b4 Rfc8
15. Rc2 Rc7 16. Rac1 Rac8 17. Nb1 Ne4 18. Nbd2 f5 19. Nb3 Nb8 20. Rxc7 Rxc7 21.
Rxc7 Qxc7 22. Nc5 Nxc5 23. bxc5 1/2-1/2

[Event "33. Open Barbera del Valles 2010"]
[Site "Barbera del Valles ESP"]
[Date "2010.07.05"]
[Round "2.15"]
[White "Munoz Pantoja, Miguel"]
[Black "Gonzalez Vidal, Yuri"]
[Result "1/2-1/2"]
[WhiteElo "2494"]
[BlackElo "2522"]
[PlyCount "86"]
[EventDate "2010.07.04"]
[EventType "swiss"]
[EventRounds "9"]
[EventCountry "ESP"]
[Source "lmi"]
[SourceDate "2010.07.04"]

1. e4 e5 2. Nf3 Nc6 3. Bb5 Nf6 4. d3 d6 5. h3 g6 6. Nc3 Bg7 7. Be3 O-O 8. Qd2
d5 9. Bg5 dxe4 10. Nxe4 Nxe4 11. dxe4 Qxd2+ 12. Bxd2 Bd7 13. O-O-O a6 14. Bc4
Nd4 15. Be3 Bb5 16. Bxb5 axb5 17. Nxd4 exd4 18. Bxd4 Rxa2 19. Bxg7 Kxg7 20. c3
b4 21. cxb4 Ra4 22. Rhe1 Rxb4 23. Rd7 Rc4+ 24. Kd2 Kf6 25. b3 Ke6 26. Rd3 Rc6
27. f4 Ra8 28. Ke3 Ra2 29. Re2 Rxe2+ 30. Kxe2 Rc2+ 31. Kf3 h5 32. g4 hxg4+ 33.
hxg4 Rb2 34. g5 Rb1 35. Kg4 Rg1+ 36. Kf3 Rb1 37. Kg4 b5 38. f5+ Ke5 39. fxg6
fxg6 40. Rc3 Kxe4 41. Rxc7 Rg1+ 42. Kh4 Rh1+ 43. Kg4 Rg1+ 1/2-1/2

[Event "33. Open Barbera del Valles 2010"]
[Site "Barbera del Valles ESP"]
[Date "2010.07.05"]
[Round "2.16"]
[White "Tarrago Antoni, Maurici"]
[Black "Vilela De Acuna, Jose Luis"]
[Result "1/2-1/2"]
[WhiteElo "2258"]
[BlackElo "2329"]
[PlyCount "73"]
[EventDate "2010.07.04"]
[EventType "swiss"]
[EventRounds "9"]
[EventCountry "ESP"]
[Source "lmi"]
[SourceDate "2010.07.04"]

1. Nf3 d5 2. c4 e6 3. g3 Nf6 4. Bg2 dxc4 5. Qa4+ Nbd7 6. O-O a6 7. Qxc4 b5 8.
Qc2 Bb7 9. d4 c5 10. a4 b4 11. Bg5 Rc8 12. Qd1 c4 13. Nbd2 c3 14. bxc3 bxc3 15.
Nb3 Be7 16. Ne1 Bxg2 17. Kxg2 Qb6 18. Qc2 e5 19. Nf3 Qe6 20. dxe5 Nxe5 21. Nbd4
Qd5 22. Nf5 Bf8 23. Rfd1 Qc6 24. N5d4 Qe4 25. Qxe4 Nxe4 26. Nxe5 Nxg5 27. Nec6
Bc5 28. Rac1 Bxd4 29. Nxd4 Rc4 30. Rd3 O-O 31. Rcxc3 Rxa4 32. Ra3 Rxa3 33. Rxa3
Ra8 34. Ra5 Ne4 35. Nc6 Nc3 36. Nb4 Nxe2 37. Rxa6 1/2-1/2

[Event "33. Open Barbera del Valles 2010"]
[Site "Barbera del Valles ESP"]
[Date "2010.07.05"]
[Round "2.17"]
[White "Aderito, Pedro"]
[Black "Chuturkov, Marinko"]
[Result "1-0"]
[WhiteElo "2333"]
[BlackElo "2145"]
[PlyCount "81"]
[EventDate "2010.07.04"]
[EventType "swiss"]
[EventRounds "9"]
[EventCountry "ESP"]
[Source "lmi"]
[SourceDate "2010.07.04"]

1. Nf3 Nf6 2. g3 g6 3. Bg2 c5 4. O-O Bg7 5. d3 O-O 6. e4 d6 7. Re1 Nc6 8. h3
Rb8 9. c3 Qc7 10. d4 e5 11. Na3 a6 12. Be3 b6 13. d5 Nd8 14. Nh2 Nh5 15. b4 f6
16. h4 Nf7 17. Bf3 cxb4 18. cxb4 Qc3 19. Qc1 Qxc1 20. Raxc1 b5 21. Rc7 f5 22.
exf5 Nf6 23. fxg6 hxg6 24. Bg5 Nh7 25. Bd2 Nf6 26. Bg5 Nxg5 27. hxg5 Nh7 28.
Kg2 Nxg5 29. Bg4 Bb7 30. Rd1 Kh8 31. Nc2 Ne4 32. f3 Nf6 33. Be6 e4 34. fxe4
Nxe4 35. Ng4 Ng5 36. Rh1+ Nh7 37. Nd4 Ba8 38. Nf3 Rxf3 39. Kxf3 Rf8+ 40. Kg2
Re8 41. Nf6 1-0

[Event "33. Open Barbera del Valles 2010"]
[Site "Barbera del Valles ESP"]
[Date "2010.07.05"]
[Round "2.18"]
[White "Colon Garcia, Enrique"]
[Black "Subirats Ruiz, Sergi"]
[Result "0-1"]
[WhiteElo "2314"]
[BlackElo "2138"]
[PlyCount "50"]
[EventDate "2010.07.04"]
[EventType "swiss"]
[EventRounds "9"]
[EventCountry "ESP"]
[Source "lmi"]
[SourceDate "2010.07.04"]

1. Nf3 Nf6 2. c4 g6 3. Nc3 d5 4. d4 Bg7 5. cxd5 Nxd5 6. Na4 Nd7 7. e4 N5b6 8.
Nc3 O-O 9. Be2 c5 10. d5 f5 11. Ng5 Nf6 12. Qb3 Kh8 13. O-O h6 14. Ne6 Bxe6 15.
dxe6 fxe4 16. Be3 Qc7 17. Rac1 Qe5 18. Nb5 c4 19. Bxc4 Ng4 20. g3 Nxc4 21. Qxc4
Qh5 22. h4 Nxe3 23. fxe3 Qg4 24. Qc7 Qe2 25. Qc5 Rf3 0-1

[Event "33. Open Barbera del Valles 2010"]
[Site "Barbera del Valles ESP"]
[Date "2010.07.05"]
[Round "2.19"]
[White "Do Santos Julio, Joao Manuel"]
[Black "Gomez Jurado, Luis Alberto"]
[Result "0-1"]
[WhiteElo "2122"]
[BlackElo "2287"]
[PlyCount "68"]
[EventDate "2010.07.04"]
[EventType "swiss"]
[EventRounds "9"]
[EventCountry "ESP"]
[Source "lmi"]
[SourceDate "2010.07.04"]

1. e4 c5 2. Nf3 Nc6 3. c4 e5 4. Nc3 d6 5. Be2 g6 6. d3 Bg7 7. Be3 Nge7 8. Qd2
Nd4 9. Bd1 O-O 10. Bh6 f5 11. Bg5 Be6 12. exf5 gxf5 13. O-O a6 14. Re1 Qd7 15.
Na4 Rae8 16. Nxd4 cxd4 17. b3 b5 18. Nb2 Ng6 19. Bh6 f4 20. Bxg7 Qxg7 21. Bf3
Nh4 22. Kf1 Nxg2 23. Rec1 Nh4 24. Qe2 e4 25. dxe4 d3 26. Nxd3 Bh3+ 27. Ke1
Nxf3+ 28. Qxf3 Bg2 29. Qh5 Bxe4 30. Kd2 Qd4 31. Rc3 b4 32. Rg1+ Kh8 33. Rgc1
bxc3+ 34. Rxc3 Bxd3 0-1

[Event "33. Open Barbera del Valles 2010"]
[Site "Barbera del Valles ESP"]
[Date "2010.07.05"]
[Round "2.20"]
[White "Chueca Forcen, Alberto"]
[Black "Silva Rodriguez, Julio"]
[Result "1/2-1/2"]
[WhiteElo "2280"]
[BlackElo "2126"]
[PlyCount "45"]
[EventDate "2010.07.04"]
[EventType "swiss"]
[EventRounds "9"]
[EventCountry "ESP"]
[Source "lmi"]
[SourceDate "2010.07.04"]

1. d4 d5 2. c4 c6 3. Nf3 Nf6 4. Nc3 dxc4 5. a4 Bf5 6. Ne5 Nbd7 7. Nxc4 Nb6 8.
Ne5 a5 9. f3 Nfd7 10. Nxd7 Nxd7 11. e4 Bg6 12. Be3 Qb6 13. Qd2 e5 14. Rd1 O-O-O
15. g3 exd4 16. Bxd4 Bc5 17. Bh3 Bxd4 18. Qxd4 Qxd4 19. Rxd4 Kc7 20. Ke2 Nc5
21. Rhd1 f6 22. Ke3 Bf7 23. Bf1 1/2-1/2

[Event "33. Open Barbera del Valles 2010"]
[Site "Barbera del Valles ESP"]
[Date "2010.07.05"]
[Round "2.21"]
[White "Sayrol Clols, Jose M"]
[Black "Sanchez Ibern, Marc"]
[Result "1-0"]
[WhiteElo "2099"]
[BlackElo "2255"]
[PlyCount "134"]
[EventDate "2010.07.04"]
[EventType "swiss"]
[EventRounds "9"]
[EventCountry "ESP"]
[Source "lmi"]
[SourceDate "2010.07.04"]

1. e4 e6 2. d4 d5 3. Nc3 Nf6 4. Bd3 dxe4 5. Nxe4 Nbd7 6. Nf3 a6 7. Neg5 h6 8.
Nxe6 Qe7 9. O-O fxe6 10. Bg6+ Kd8 11. c4 b5 12. b3 Bb7 13. Bf4 Be4 14. Ne5 Nxe5
15. dxe5+ Bd5 16. exf6 Qxf6 17. Bg3 Qxg6 18. cxd5 Bd6 19. dxe6 Qxe6 20. Re1 Qd7
21. Qd5 Rb8 22. Rad1 Rb6 23. Re6 Rf8 24. h3 a5 25. Bxd6 cxd6 26. Rxd6 Rxd6 27.
Qxd6 Qxd6 28. Rxd6+ Kc7 29. Ra6 Kb7 30. Rxa5 Kb6 31. b4 Rd8 32. g3 Rd4 33. a3
Rd8 34. Kg2 g5 35. g4 Rh8 36. Kg3 Rf8 37. f3 Rd8 38. h4 Rg8 39. hxg5 hxg5 40.
Kf2 Kc6 41. Kg3 Kb6 42. Kg2 Kc6 43. Ra6+ Kd5 44. Kg3 Kc4 45. f4 gxf4+ 46. Kxf4
Rf8+ 47. Ke5 Re8+ 48. Kf5 Rf8+ 49. Ke6 Rg8 50. Kf5 Rf8+ 51. Ke4 Rg8 52. Kf4
Rf8+ 53. Kg3 Rg8 54. Ra5 Rg7 55. Ra8 Kb3 56. Kf4 Rf7+ 57. Ke5 Rg7 58. Kf5 Rf7+
59. Kg6 Rf1 60. g5 Ra1 61. Kf7 Rxa3 62. Rxa3+ Kxa3 63. g6 Kxb4 64. g7 Ka3 65.
g8=Q b4 66. Qg1 Ka2 67. Qf2+ Ka1 1-0

[Event "33. Open Barbera del Valles 2010"]
[Site "Barbera del Valles ESP"]
[Date "2010.07.05"]
[Round "2.23"]
[White "Uribe Arteaga, Daniel"]
[Black "Costa Trave, Jaume"]
[Result "1-0"]
[WhiteElo "2233"]
[BlackElo "2084"]
[PlyCount "58"]
[EventDate "2010.07.04"]
[EventType "swiss"]
[EventRounds "9"]
[EventCountry "ESP"]
[Source "lmi"]
[SourceDate "2010.07.04"]

1. e4 b6 2. d4 Bb7 3. Bd3 e6 4. Nf3 d6 5. O-O Be7 6. Qe2 a6 7. Nbd2 Nd7 8. c3
c5 9. e5 d5 10. Ne1 Nf8 11. f4 g6 12. g4 Qd7 13. f5 Bg5 14. Nef3 Bf4 15. dxc5
bxc5 16. Nb3 Bxc1 17. Nxc5 Qc7 18. Nxb7 Qxb7 19. Raxc1 h5 20. fxg6 fxg6 21. Ng5
Qe7 22. Nf7 Qxf7 23. Rxf7 Kxf7 24. Rf1+ Kg7 25. Qf3 hxg4 26. Qf7+ Kh6 27. Rf4
Kg5 28. Rf6 Nh6 29. Rxg6+ Nxg6 1-0

[Event "33. Open Barbera del Valles 2010"]
[Site "Barbera del Valles ESP"]
[Date "2010.07.05"]
[Round "2.24"]
[White "Ridameya Tatche, Jose Miguel"]
[Black "Ortega Serra, Marc"]
[Result "1-0"]
[WhiteElo "2060"]
[BlackElo "2223"]
[PlyCount "87"]
[EventDate "2010.07.04"]
[EventType "swiss"]
[EventRounds "9"]
[EventCountry "ESP"]
[Source "lmi"]
[SourceDate "2010.07.04"]

1. e4 d5 2. exd5 Nf6 3. Bb5+ Bd7 4. Bc4 Bg4 5. Bb5+ c6 6. dxc6 Nxc6 7. Be2 Bf5
8. Nf3 e5 9. Bb5 Bc5 10. O-O e4 11. d4 exf3 12. dxc5 Qxd1 13. Rxd1 fxg2 14.
Re1+ Kf8 15. c3 Rd8 16. Bf4 Ne4 17. b4 g5 18. Bxc6 bxc6 19. Be5 f6 20. Bd4 g4
21. Kxg2 Kf7 22. a4 h5 23. Ra2 h4 24. Nd2 h3+ 25. Kg1 Ng5 26. Re3 Rhe8 27. Ra1
Re4 28. Nxe4 Bxe4 29. b5 f5 30. Rae1 Re8 31. b6 Bg2 32. f3 Nxf3+ 33. Kf2 Nxe1
34. Rxe8 Nd3+ 35. Kg1 axb6 36. cxb6 c5 37. Re3 Nb2 38. Bxc5 Nxa4 39. Re7+ Kf6
40. Rc7 Nxc5 41. Rxc5 f4 42. Rc7 g3 43. b7 f3 44. hxg3 1-0